000 00455nam a2200193Ia 4500
005 20250423100356.0
008 250422s9999 xx 000 0 und d
020 _a0-13-033370-0
050 _aQA 76.64 .M64/
100 _aRalph Morelli
245 0 _aObject oriented problem
250 _a2nd ed.
260 _aNew Jersey
260 _bPrentice Hall
260 _c2003
300 _a862 p
650 _aObject oriented programming
942 _cBK
999 _c33118
_d33118